Veľkonočný volejbalový turnaj mužov

Bibliographic Details
Format: Article
Language:Slovak
PhysicalDescription:Fotogr.
Subjects:

MARC

LEADER 00000nab a2200000 a 4500
001 vtls010526212
003 SK-MaSNL
005 20260305032653.0
008 130710 2013 xo q 000 0 slo
038 |a PPPK 
040 |a PPPKCL  |b slo  |c PPPK  |e AACR2 
041 0 |a slo 
044 |a xo  |c SK 
080 |a 796.325  |2 2001 
245 0 0 |a Veľkonočný volejbalový turnaj mužov 
300 |b Fotogr. 
500 |a Autor a fotograf článku nie sú uvedení. 
611 2 7 |a Veľkonočný volejbalový turnaj  |n (3. :  |d 2013 :  |c Spišská Belá, Slovensko)  |2 pppkcl  |9 1609031 
648 7 |a 6.4.2013  |2 pppkcl  |9 1237064 
650 0 7 |a volejbal  |2 pppkcl  |9 3294 
651 7 |a Spišská Belá (Slovensko)  |2 pppkcl  |9 16198 
651 7 |a Kežmarok (Slovensko : okres)  |2 pppkcl  |9 51824 
773 0 |t Spišskobeliansky spravodaj  |g Roč. 11, č. 4 (2013), s. 15 
852 |a PPPK  |b KIS3GCP 
999 |c 3321082  |d 3323012